00751nam a2200241 a 4500001001300000003000900013005001700022008004100039020002300080082001700103100001300120245006300133260004300196300001000239500003500249505001000284650004000294700001300334902000800347942000700355952013000362999001700492nice12345678IN_TiNIC20260116013310.0050524s1999 dela grp 000 0 eng  a8173415 c35000a291.172bANA aAnanda,  aHindu-Christian Dialogueb Some Recent Outlook and Trends. aDelhibLindian Pub, Distributersc1999 a206p. aincludes index and biblioraphy2 aIndex aInterfaith Dialogue-Christian Hindu1 aAnanda,  bSRS cBK 001040708StackRoom-aHMIbHMId2012-02-06g350.00l3o291.172 ANAp019081r2019-02-27s2019-02-21v350.00w2005-05-24yBK c10467d10467